00708nam a2200217 a 450000100060000000300080000600500170001400800410003103500190007204000260009104100080011708200260012524500920015126000360024330000330027949000530031250000190036565000210038471000320040583000530043772000BD-RjUL20211209082211.0170511s1955 nyua|||| |||| 001 0 eng d a(BD-RjUL)72216 aBD-RjULbengcBD-RjUL aeng 223a621.483bREA 195510aReactor handbook : bphysics /cContributors: Argonne National Laboratory ... [et. al.] aNew York :bMcGraw-Hill, c1955 axvi, 790 p. :bill. ;c27 cm aSelected reference material on atomic energy, 2. aIncludes index aNuclear reactors aArgonne National Laboratory aSelected reference material on atomic energy, 2.